000 01465nam0a22002891 4500
001 rc\1088100
005 20250622142250.0
035 _a(NLR Aleph) 006335393
090 _a7588640
_c7588640
100 _a20041126d1984 |||y0rusy50 ca
101 0 _arus
102 _aRU
105 _ay |||||||||
200 1 _aМатематические вопросы химической термодинамики
_e[Материалы всесоюз. школы-семинара, 26-30 окт. 1982, Иркутск]
_fОтв. ред. И.К. Карпов, Г.А. Коковин
210 _aНовосибирск
_cНаука. Сиб. отд-ние
_d1984
215 _a119 с.
_d21
300 _aВ надзаг.: АН СССР, Сиб. отд-ние, Ин-т неорган. химии
320 _aБиблиогр. в конце докл.
702 1 _4340
_7ca
_8rus
_aКарпов
_bИ. К.
_cд-р геол.-минерал. наук
_f1933-2005
_gИгорь Константинович
_9250300
_3RU\NLR\AUTH\770250356
712 0 2 _aИнститут неорганической химии
_cНовосибирск
712 1 2 _a"Применение мат. методов для описания и изучения физ.-хим. равновесий", всесоюзная школа-семинар
_d4
_f1982
_eИркутск
801 0 _aRU
_bNLR
_gpsbo
801 1 _aRU
_bELAR
_2rusmarc
852 _aNLR
_j84-5/5142
942 _cBOOK
980 _aNB